Normal view MARC view

Entry Topical Term

Number of records used in: 1

001 - CONTROL NUMBER

  • control field: 49679

003 - CONTROL NUMBER IDENTIFIER

  • control field: OSt

005 - DATE AND TIME OF LATEST TRANSACTION

  • control field: 20250103154754.0

008 - FIXED-LENGTH DATA ELEMENTS

  • fixed length control field: 250103|| aca||aabn | a|a d

040 ## - CATALOGING SOURCE

  • Original cataloging agency: OSt
  • Transcribing agency: OSt

150 ## - HEADING--TOPICAL TERM

  • Topical term or geographic name entry element: Millets, Sustainability, Women farmers, international year of millet 2023, SDGs, Food security, Amrit Kaal.

670 ## - SOURCE DATA FOUND

  • Source citation: Work cat.: (OSt): Singh, Pushpa 49678, Celebrating international year of millet 2023: Analysing sustainable food security in India since independence to the Amrit Kaal from the lens of millets

Powered by Koha